| 000 | 00667nam a2200241 a 4500 | ||
|---|---|---|---|
| 001 | 59087 | ||
| 003 | CO-ViMGA | ||
| 005 | 20250908195423.0 | ||
| 007 | ta | ||
| 008 | 141112s2004 ck r 000 u spa d | ||
| 020 | _a9582807512 | ||
| 040 |
_aCO-ViMGA _bspa _cCO-ViMGA |
||
| 082 | 0 | 4 | _a986 G87m |
| 100 | 1 |
_aGUTIERREZ CELY, EUGENIO _99379 |
|
| 245 | 1 | 0 | _a1001 COSAS SOBRE LA HISTORIA DE COLOMBIA QUE TODOS DEBEMOS SABER |
| 250 | _a1a. edición | ||
| 300 | _a262 p, il, fot., 25 cm | ||
| 336 |
_2rdacontent _atexto _btxt |
||
| 337 |
_2rdamedia _asin mediación _bn |
||
| 338 |
_2rdacarrier _avolumen _bnc |
||
| 650 | 1 | 4 |
_aCOLOMBIA - HISTORIA _2LEMB |
| 942 |
_2ddc _cBK |
||
| 999 |
_c59087 _d59087 |
||